LEADER 00999nam a2200277 i 4500 001 000000156612 003 CaOOAMICUS 005 20061211000000.0 008 061211s1986 it u000 u ita u 013 $a133967 020 $a88-7692-145-1 040 $aSeMil$bita 100 1 $aVoghera, Giorgio.$0(OLS)http://semarc/name/61042 245 10$aQuaderno d'israele /$cGiorgio Voghera. 260 $aPordenone :$bStudio Tesi,$c1986. 300 $a276 p. ;$c23 cm. 490 0 $aBiblioteca ;$v45 500 $aContiene : Appendice. - Fondo Ciprandi. 830 0$aBiblioteca ;$v45.$0(OLS)http://semarc/title/7577 850 $aSeMil 852 $aSeMil$W1$xVenegono$y1$m1D V 163$j108361$B108361$CSeMilBibl$Z2$F117943 $81 941 1 $a1 961 $aOmaggio: Ciprandi dott. Paolo 996 $6020$a88-7692-145-1$9(OLS)http://semarc/number/146799 996 $6245$aQuaderno d'israele$9(OLS)http://semarc/title/229540 996 $6260$aPordenone :$bStudio Tesi$9(OLS)http://semarc/publisher/32924 LEADER 01136nam a2200217 i 4500 001 000000186558 003 CaOOAMICUS 005 20100301000000.0 008 100301s1984 it u000 u ita u 013 $a164607 040 $aSeMil$bita 100 1 $aAssociazione internazionale per la coscienza di Krishna.$0(OLS)http://semarc/name/68488 245 10$aCibo per la pace :$bun nuovo modo di mangiare e di vivere : basato sugli insegnamenti di Sua Divina Grazia A.C. Bhaktivedanta Swami Prabhupada /$cHare Krishna. 260 $aFirenze :$bEdizioni Bhaktivedanta,$c1984. 300 $a115 p. ;$c18 cm. 650 4$aAlimentazione - Aspetti religiosi.$0(OLS)http://semarc/subject/28081 650 4$aVegetarianismo.$0(OLS)http://semarc/subject/30819 850 $aSeMil 852 $aSeMil$W1$xVenegono$y1$m2X II 219$j137245$B137245$CSeMilBibl$Z2$F148804 $81 996 $6245$aCibo per la pace :$bun nuovo modo di mangiare e di vivere : basato sugli insegnamenti di Sua Divina Grazia A.C. Bhaktivedanta Swami Prabhupada$9(OLS)http://semarc/title/268209 996 $6260$aFirenze :$bEdizioni Bhaktivedanta$9(OLS)http://semarc/publisher/31683